[Event "Moscow Aeroflot op-A"]
[Site "Moscow"]
[Date "2024.03.07"]
[Round "9"]
[White "Gharibyan, Mamikon"]
[Black "Obgolts, Erik"]
[Result "1/2-1/2"]
[WhiteElo "2499"]
[BlackElo "2420"]
[PlyCount "77"]
[EventDate "2024.03.03"]
[EventType "swiss"]
[EventRounds "9"]
[EventCountry "RUS"]
[SourceTitle "CB11_2024"]
[SourceDate "2024.03.13"]
[SourceVersion "1"]
[SourceVersionDate "2024.03.13"]
[SourceQuality "1"]

1. d4 Nf6 2. c4 e6 3. Nf3 Bb4+ 4. Nbd2 b6 5. a3 Bxd2+ 6. Qxd2 Bb7 7. e3 0-0 8. Be2 a5 9. b3 d6 10. Bb2 Nbd7 11. 0-0 Ne4 12. Qc2 f5 13. d5 e5 14. Ne1 Qg5 15. f4 exf4 16. exf4 Qh6 17. Nf3 Ndf6 18. Nd4 Bc8 19. Nb5 Rf7 20. Rae1 Ba6 21. Nd4 Bc8 22. Bd3 Bd7 23. Nxf5 Bxf5 24. Bxf6 Qxf6 25. Bxe4 a4 26. Bxf5 Qxf5 27. Qxf5 Rxf5 28. b4 b5 29. g4 Rf7 30. cxb5 Rb8 31. Re4 Rxb5 32. Rd1 Kf8 33. Kf2 Re7 34. Ke3 Rxe4+ 35. Kxe4 Ke7 36. Kd4 Kd7 37. Re1 Rb8 38. f5 Rf8 39. Re6 1/2-1/2

[Event "Khanty-Mansiysk Governor Cup Rapid"]
[Site "Khanty-Mansiysk"]
[Date "2023.11.28"]
[Round "10"]
[White "Demchenko, Maksim Dm"]
[Black "Obgolts, Erik"]
[Result "0-1"]
[WhiteElo "1836"]
[BlackElo "2448"]
[PlyCount "154"]
[EventDate "2023.11.26"]
[EventType "swiss (rapid)"]
[EventRounds "11"]
[EventCountry "RUS"]
[SourceTitle "CB49_2023"]
[SourceDate "2023.12.06"]
[SourceVersion "1"]
[SourceVersionDate "2023.12.06"]
[SourceQuality "1"]

1. d4 g6 2. Nf3 Bg7 3. g3 c5 4. d5 d6 5. Bg2 Nf6 6. 0-0 0-0 7. Nc3 Na6 8. Bf4 Nc7 9. a4 a6 10. Qd2 Bg4 11. a5 Nb5 12. Nh4 Nxc3 13. bxc3 b6 14. h3 Bd7 15. axb6 Qxb6 16. Bh6 a5 17. Bxg7 Kxg7 18. e4 Bb5 19. Rfe1 Rad8 20. f4 Bc4 21. Ra4 Bb5 22. Raa1 Bc4 23. Ra4 Qb5 24. Rea1 Ra8 25. Qc1 Nd7 26. Qa3 Nb6 27. Rxa5 Rxa5 28. Qxa5 Ra8 29. Qxa8 Nxa8 30. Rxa8 Qb1+ 31. Kh2 Qxc2 32. Ra7 Qxc3 33. Rxe7 Qf6 34. Rc7 Qd8 35. Ra7 Qb8 36. Ra3 Qb2 37. Ra7 Bf1 38. Rd7 c4 39. e5 dxe5 40. fxe5 Bxg2 41. Nxg2 Qxe5 42. d6 c3 43. Rc7 g5 44. Rc8 Qxd6 45. Rxc3 h5 46. Rf3 h4 47. Ne3 Kg6 48. Nf1 f5 49. Kg2 hxg3 50. Nxg3 Qd2+ 51. Rf2 Qd5+ 52. Kg1 f4 53. Nf1 Kh5 54. Nh2 Kh4 55. Rf3 Qd1+ 56. Kg2 Qd2+ 57. Rf2 Qd5+ 58. Rf3 Qe4 59. Kg1 Qe2 60. Rf2 Qd1+ 61. Kg2 Kh5 62. Rf3 Qe2+ 63. Rf2 Qe4+ 64. Rf3 Kg6 65. Kg1 Kf5 66. Kg2 Qe1 67. Rf2 Qc3 68. Rf3 Qc6 69. Kg1 Ke4 70. Kg2 Qb7 71. Kg1 Qb2 72. Rf2 Qc3 73. Rg2 Kf5 74. Rf2 Qxh3 75. Rf3 Qh8 76. Ra3 Qd4+ 77. Kg2 Qb2+ 0-1

[Event "Khanty-Mansiysk Governor Cup Rapid"]
[Site "Khanty-Mansiysk"]
[Date "2023.11.27"]
[Round "5"]
[White "Obgolts, Erik"]
[Black "Iljiushenok, Ilia"]
[Result "0-1"]
[WhiteElo "2448"]
[BlackElo "2547"]
[PlyCount "64"]
[EventDate "2023.11.26"]
[EventType "swiss (rapid)"]
[EventRounds "11"]
[EventCountry "RUS"]
[SourceTitle "CB49_2023"]
[SourceDate "2023.12.06"]
[SourceVersion "1"]
[SourceVersionDate "2023.12.06"]
[SourceQuality "1"]

1. e4 e5 2. Nf3 Nc6 3. Bb5 a6 4. Ba4 Nf6 5. 0-0 b5 6. Bb3 Bc5 7. a4 Rb8 8. axb5 axb5 9. d3 d6 10. Nc3 h6 11. h3 0-0 12. Nd5 Nxd5 13. Bxd5 Ne7 14. Bb3 Ng6 15. Be3 Bb6 16. c3 Qf6 17. Kh2 Nf4 18. Ng1 Be6 19. Bxe6 Nxe6 20. Bxb6 Rxb6 21. Ne2 Rd8 22. Qb3 g6 23. Rad1 b4 24. Qc4 bxc3 25. bxc3 Rb2 26. d4 Ra8 27. Kg1 Ng5 28. f4 exf4 29. Nxf4 Raa2 30. Kh1 Nxe4 31. Nd3 Ng3+ 32. Kg1 Rxg2# 0-1

[Event "Khanty-Mansiysk Governor Cup Rapid"]
[Site "Khanty-Mansiysk"]
[Date "2023.11.26"]
[Round "1"]
[White "Obgolts, Erik"]
[Black "Samartsev, Alexander"]
[Result "1-0"]
[WhiteElo "2448"]
[BlackElo "2097"]
[PlyCount "85"]
[EventDate "2023.11.26"]
[EventType "swiss (rapid)"]
[EventRounds "11"]
[EventCountry "RUS"]
[SourceTitle "CB49_2023"]
[SourceDate "2023.12.06"]
[SourceVersion "1"]
[SourceVersionDate "2023.12.06"]
[SourceQuality "1"]

1. e4 e5 2. Nf3 Nf6 3. Nc3 Bb4 4. d3 0-0 5. Bd2 Nc6 6. g3 d6 7. Bg2 Bg4 8. h3 Bxf3 9. Bxf3 Nd4 10. Bg2 c6 11. 0-0 Nd7 12. Kh2 b5 13. f4 c5 14. Be3 Bxc3 15. bxc3 Nc6 16. a3 Rc8 17. h4 Nf6 18. Bh3 Rc7 19. fxe5 Nxe5 20. Bg5 h6 21. Bxf6 gxf6 22. Rf5 Kh7 23. Qf1 Nd7 24. Qf4 Rg8 25. Qxd6 c4 26. d4 a5 27. Rd5 Qb8 28. Bxd7 Rxd7 29. Qxb8 Rxd5 30. Qxg8+ Kxg8 31. exd5 Kf8 32. Rb1 Ke7 33. Rxb5 f5 34. Rxa5 Kd6 35. Rc5 f6 36. a4 h5 37. a5 f4 38. gxf4 f5 39. a6 Kd7 40. a7 Kd6 41. a8Q Kd7 42. Qb7+ Kd6 43. Qc7# 1-0

[Event "Khanty-Mansiysk Governor Cup 19th"]
[Site "Khanty-Mansiysk"]
[Date "2023.11.19"]
[Round "3"]
[White "Obgolts, Erik"]
[Black "Pridorozhni, Aleksei"]
[Result "1/2-1/2"]
[WhiteElo "2448"]
[BlackElo "2486"]
[PlyCount "80"]
[EventDate "2023.11.17"]
[EventType "swiss"]
[EventRounds "9"]
[EventCountry "RUS"]
[SourceTitle "CB48_2023"]
[SourceDate "2023.11.29"]
[SourceVersion "1"]
[SourceVersionDate "2023.11.29"]
[SourceQuality "1"]

1. e4 e5 2. Nf3 Nc6 3. Bb5 a6 4. Ba4 Nf6 5. 0-0 Nxe4 6. d4 b5 7. Bb3 d5 8. dxe5 Be6 9. Qe2 Be7 10. Rd1 0-0 11. c4 bxc4 12. Bxc4 Bc5 13. Be3 Bxe3 14. Qxe3 Qb8 15. Bb3 Qb6 16. Qxb6 cxb6 17. Na3 Rfd8 18. Nc2 Rac8 19. Ncd4 Na5 20. Nd2 Nc5 21. Rab1 Bg4 22. f3 Ne6 23. Nf1 Nxd4 24. Rxd4 Be6 25. Ne3 Nc6 26. Rdd1 Nxe5 27. Bxd5 Kf8 28. Bxe6 fxe6 29. Kf1 Rxd1+ 30. Rxd1 Ke7 31. Ke2 g5 32. Rd4 Rc5 33. h4 h6 34. Kd2 b5 35. hxg5 hxg5 36. a4 bxa4 37. Rxa4 a5 38. b4 axb4 39. Rxb4 Ra5 40. Rb2 Kf6 1/2-1/2

[Event "RUS-chT Rapid"]
[Site "Sochi"]
[Date "2023.10.18"]
[Round "1.16"]
[White "Lebedev, Artem S"]
[Black "Obgolts, Erik"]
[Result "1-0"]
[WhiteElo "2033"]
[BlackElo "2448"]
[PlyCount "99"]
[EventDate "2023.10.18"]
[EventType "team-swiss (rapid)"]
[EventRounds "9"]
[EventCountry "RUS"]
[SourceTitle "Mega2024 Update 01"]
[Source "Chessbase"]
[SourceDate "2023.11.12"]
[SourceVersion "1"]
[SourceVersionDate "2023.11.12"]
[SourceQuality "1"]
[WhiteTeam "Krasnodarsk Region TEMA"]
[BlackTeam "Novosibirsk Region"]
[WhiteTeamCountry "RUS"]
[BlackTeamCountry "RUS"]

1. e4 c5 2. Nf3 e6 3. d4 cxd4 4. Nxd4 Nf6 5. Nc3 Nc6 6. Ndb5 Bc5 7. Bf4 0-0 8. Bc7 Qe7 9. Bd6 Bxd6 10. Qxd6 Qd8 11. 0-0-0 a6 12. Nd4 Ne7 13. Nb3 b5 14. Be2 Bb7 15. f3 Bc6 16. Kb1 Ne8 17. Qd4 Qc7 18. g4 Ng6 19. a3 Nf4 20. Qc5 d6 21. Qe3 e5 22. Rd2 Nf6 23. Rhd1 Rfd8 24. g5 N6h5 25. Bf1 Rab8 26. Ne2 Nxe2 27. Bxe2 a5 28. c4 Nf4 29. cxb5 Bxb5 30. Rc1 Qd7 31. Bxb5 Qxb5 32. Nd4 exd4 33. Qxf4 Qb3 34. Rc7 d3 35. Qf5 Rf8 36. Qxa5 Qe6 37. Qc3 Qh3 38. Qxd3 Rb6 39. Rdc2 g6 40. a4 Qh4 41. Rc8 Qe1+ 42. Ka2 Qb4 43. Rxf8+ Kxf8 44. Qa3 Qd4 45. a5 Ra6 46. Rc8+ Kg7 47. b4 f6 48. Qb2 Qxb2+ 49. Kxb2 fxg5 50. Kb3 1-0

[Event "RUS-chT Blitz"]
[Site "Sochi"]
[Date "2023.10.17"]
[Round "13.20"]
[White "Obgolts, Erik"]
[Black "Moiseenko, Vadim"]
[Result "0-1"]
[WhiteElo "2448"]
[BlackElo "2529"]
[PlyCount "98"]
[EventDate "2023.10.17"]
[EventType "team-swiss (blitz)"]
[EventRounds "13"]
[EventCountry "RUS"]
[SourceTitle "Mega2024 Update 01"]
[Source "Chessbase"]
[SourceDate "2023.11.12"]
[SourceVersion "1"]
[SourceVersionDate "2023.11.12"]
[SourceQuality "1"]
[WhiteTeam "Novosibirsk Region"]
[BlackTeam "Vologodsk Region"]
[WhiteTeamCountry "RUS"]
[BlackTeamCountry "RUS"]

1. e4 c6 2. d4 d5 3. exd5 cxd5 4. Bd3 Nc6 5. c3 e6 6. Nf3 Bd6 7. 0-0 Nge7 8. Re1 h6 9. Nbd2 Qc7 10. Nf1 Bd7 11. b4 a6 12. a4 0-0 13. Ng3 e5 14. dxe5 Nxe5 15. Bf4 Nxf3+ 16. Qxf3 Bxf4 17. Rxe7 Bd6 18. Re2 Rfe8 19. Rae1 Rxe2 20. Rxe2 Re8 21. a5 Rxe2 22. Nxe2 Bxh2+ 23. Kf1 Be5 24. Qxd5 Bc6 25. Qc5 Bd6 26. Qe3 Bd5 27. g3 Qd7 28. Ke1 Be7 29. Nd4 Bg5 30. f4 Bf6 31. Kd2 g6 32. Ke2 Kg7 33. Kd2 Qh3 34. Ne2 Qg2 35. c4 Bc6 36. b5 axb5 37. cxb5 Bd5 38. a6 bxa6 39. bxa6 h5 40. Qc5 Bf3 41. Qe3 h4 42. gxh4 Bxh4 43. Qg1 Qh3 44. Qd4+ Bf6 45. Qe3 Qg2 46. Qg1 Qh3 47. Qg3 Qh5 48. Ke3 Bc6 49. Kf2 Bh4 0-1

[Event "RUS-ch Rapid"]
[Site "Sochi"]
[Date "2023.10.16"]
[Round "10"]
[White "Afanasiev, Nikita"]
[Black "Obgolts, Erik"]
[Result "1-0"]
[WhiteElo "2533"]
[BlackElo "2448"]
[PlyCount "103"]
[EventDate "2023.10.15"]
[EventType "swiss (rapid)"]
[EventRounds "11"]
[EventCountry "RUS"]
[SourceTitle "Mega2024 Update 01"]
[Source "Chessbase"]
[SourceDate "2023.11.12"]
[SourceVersion "1"]
[SourceVersionDate "2023.11.12"]
[SourceQuality "1"]

1. e4 c5 2. Nf3 e6 3. d4 cxd4 4. Nxd4 Nf6 5. Nc3 Nc6 6. a3 Be7 7. Be3 0-0 8. f4 d5 9. e5 Nd7 10. Qd2 Bc5 11. 0-0-0 Rb8 12. h4 a6 13. h5 Bxd4 14. Bxd4 b5 15. Rh3 b4 16. Na4 Nxd4 17. Qxd4 Qa5 18. b3 bxa3 19. Qa1 Nc5 20. Nxc5 Qxc5 21. Qc3 Qb6 22. Kb1 Bd7 23. Qd4 a5 24. h6 g6 25. Qxb6 Rxb6 26. Rc3 a4 27. Ka2 Ra8 28. Rc7 Bb5 29. Bxb5 Rxb5 30. Rd4 axb3+ 31. cxb3 Rab8 32. Rc3 Kf8 33. Kxa3 R5b7 34. Ra4 Ke7 35. g3 g5 36. fxg5 Rg8 37. Rg4 Ra8+ 38. Kb2 Rba7 39. Rc6 Ra2+ 40. Kc3 R8a7 41. Rc8 Re2 42. g6 fxg6 43. Rh8 Rc7+ 44. Kd3 Rcc2 45. Rxh7+ Ke8 46. Rxg6 Red2+ 47. Ke3 Re2+ 48. Kf3 Rf2+ 49. Kg4 Rce2 50. Rxe6+ Kf8 51. Rf6+ Rxf6 52. exf6 1-0

[Event "RUS-ch Rapid"]
[Site "Sochi"]
[Date "2023.10.16"]
[Round "7"]
[White "Obgolts, Erik"]
[Black "Rozum, Ivan"]
[Result "1-0"]
[WhiteElo "2448"]
[BlackElo "2531"]
[PlyCount "49"]
[EventDate "2023.10.15"]
[EventType "swiss (rapid)"]
[EventRounds "11"]
[EventCountry "RUS"]
[SourceTitle "Mega2024 Update 01"]
[Source "Chessbase"]
[SourceDate "2023.11.12"]
[SourceVersion "1"]
[SourceVersionDate "2023.11.12"]
[SourceQuality "1"]

1. d4 Nf6 2. Nf3 e6 3. Bf4 c5 4. e3 d5 5. Nbd2 Nc6 6. c3 cxd4 7. exd4 Nh5 8. Be3 Bd6 9. g3 0-0 10. Bg2 Nf6 11. h3 b6 12. 0-0 Ba6 13. Re1 h6 14. Rc1 Bd3 15. Ne5 Bxe5 16. dxe5 Nd7 17. c4 Ncxe5 18. cxd5 exd5 19. Bxd5 Rc8 20. Rxc8 Qxc8 21. Bd4 Bc2 22. Qe2 Nd3 23. Rf1 Nb4 24. Bc4 Nc5 25. Qe5 1-0

[Event "RUS-ch Blitz"]
[Site "Sochi"]
[Date "2023.10.14"]
[Round "10"]
[White "Obgolts, Erik"]
[Black "Belyakov, Bogdan"]
[Result "0-1"]
[WhiteElo "2448"]
[BlackElo "2418"]
[PlyCount "60"]
[EventDate "2023.10.14"]
[EventType "swiss (blitz)"]
[EventRounds "13"]
[EventCountry "RUS"]
[SourceTitle "Mega2024 Update 01"]
[Source "Chessbase"]
[SourceDate "2023.11.12"]
[SourceVersion "1"]
[SourceVersionDate "2023.11.12"]
[SourceQuality "1"]

1. e4 e5 2. Nf3 Nc6 3. Bb5 Nf6 4. 0-0 Nxe4 5. Re1 Nd6 6. Nxe5 Be7 7. Bf1 Nxe5 8. Rxe5 0-0 9. Nc3 Bf6 10. Re1 c6 11. d4 Nf5 12. d5 d6 13. Ne4 Be7 14. c3 Re8 15. Bf4 h6 16. Bc4 c5 17. a4 Bd7 18. Qd3 Bf8 19. Bb5 a6 20. Bxd7 Qxd7 21. a5 Nh4 22. Qg3 Ng6 23. Bd2 Qf5 24. Qd3 Re5 25. c4 Rae8 26. f3 Nf4 27. Bxf4 Qxf4 28. g3 Qf5 29. Kf2 Qh3 30. Kg1 f5 0-1

[Event "RUS-ch Blitz"]
[Site "Sochi"]
[Date "2023.10.14"]
[Round "7"]
[White "Obgolts, Erik"]
[Black "Murzin, Volodar"]
[Result "1/2-1/2"]
[WhiteElo "2448"]
[BlackElo "2633"]
[PlyCount "120"]
[EventDate "2023.10.14"]
[EventType "swiss (blitz)"]
[EventRounds "13"]
[EventCountry "RUS"]
[SourceTitle "Mega2024 Update 01"]
[Source "Chessbase"]
[SourceDate "2023.11.12"]
[SourceVersion "1"]
[SourceVersionDate "2023.11.12"]
[SourceQuality "1"]

1. e4 c5 2. Nf3 e6 3. c3 Nf6 4. e5 Nd5 5. d4 cxd4 6. cxd4 b6 7. Nc3 Bb7 8. Bd3 Be7 9. 0-0 Nxc3 10. bxc3 0-0 11. Re1 d6 12. exd6 Qxd6 13. Ne5 Nd7 14. Bf4 Nxe5 15. Bxe5 Qd8 16. Qh5 f5 17. Qe2 Rc8 18. c4 Bf6 19. Rad1 Re8 20. Bc2 Bxe5 21. Qxe5 Qf6 22. Qxf6 gxf6 23. d5 Bxd5 24. cxd5 Rxc2 25. dxe6 Rc6 26. Rd7 Rcxe6 27. Rxe6 Rxe6 28. Kf1 a6 29. a4 Re4 30. Rb7 Rxa4 31. Rxb6 Kf7 32. g3 Kg6 33. Kg2 a5 34. Rb7 f4 35. Ra7 fxg3 36. hxg3 Ra1 37. f4 h5 38. Kf3 Kf5 39. Rh7 Ra3+ 40. Kg2 Kg6 41. Ra7 a4 42. Ra5 Ra1 43. Kh2 a3 44. Kg2 f5 45. Kh2 Kf6 46. Kg2 Ke6 47. Kh2 Kf6 48. Kg2 Ra2+ 49. Kf3 Ke6 50. Ke3 h4 51. gxh4 Rh2 52. Kd4 a2 53. Ra6+ Kf7 54. Ke5 Kg7 55. Kxf5 Rxh4 56. Rxa2 Rh6 57. Ra7+ Kf8 58. Kg5 Rb6 59. f5 Rc6 60. f6 Rc1 1/2-1/2

[Event "RUS-ch Blitz"]
[Site "Sochi"]
[Date "2023.10.14"]
[Round "13"]
[White "Obgolts, Erik"]
[Black "Rudakov, Sergey S"]
[Result "1-0"]
[WhiteElo "2448"]
[BlackElo "1958"]
[PlyCount "43"]
[EventDate "2023.10.14"]
[EventType "swiss (blitz)"]
[EventRounds "13"]
[EventCountry "RUS"]
[SourceTitle "Mega2024 Update 01"]
[Source "Chessbase"]
[SourceDate "2023.11.12"]
[SourceVersion "1"]
[SourceVersionDate "2023.11.12"]
[SourceQuality "1"]

1. d4 d5 2. Nf3 Nf6 3. Bf4 c5 4. e3 Nc6 5. Nbd2 e6 6. c3 a6 7. Bd3 Bd6 8. Bg3 cxd4 9. exd4 0-0 10. 0-0 Bxg3 11. hxg3 Qd6 12. Re1 Bd7 13. Ne5 Qc7 14. Ndf3 Nxe5 15. dxe5 Ne8 16. Bxh7+ Kxh7 17. Ng5+ Kh6 18. Qg4 Qd8 19. Qh4+ Kg6 20. Qh7+ Kxg5 21. f4+ Kg4 22. Qh3# 1-0

[Event "Sochi Pearl Blitz op"]
[Site "Sochi"]
[Date "2023.10.12"]
[Round "3"]
[White "Gubajdullin, Alexey"]
[Black "Obgolts, Erik"]
[Result "1-0"]
[WhiteElo "2253"]
[BlackElo "2448"]
[PlyCount "71"]
[EventDate "2023.10.12"]
[EventType "swiss (blitz)"]
[EventRounds "13"]
[EventCountry "RUS"]
[SourceTitle "Mega2024 Update 01"]
[Source "Chessbase"]
[SourceDate "2023.11.12"]
[SourceVersion "1"]
[SourceVersionDate "2023.11.12"]
[SourceQuality "1"]

1. d4 g6 2. Nf3 Bg7 3. Bf4 Nf6 4. e3 0-0 5. Be2 d6 6. 0-0 Nbd7 7. h3 c5 8. c3 b6 9. a4 a6 10. Qb3 Bb7 11. Rd1 Rc8 12. d5 Ne8 13. c4 Nc7 14. Nc3 Rb8 15. e4 Ne5 16. Nxe5 dxe5 17. Be3 Qd6 18. a5 b5 19. cxb5 axb5 20. Nxb5 Ba6 21. Nxd6 Rxb3 22. Bxa6 exd6 23. Bc4 Rb4 24. b3 Ra8 25. Rdb1 Bf6 26. Bd2 Rb7 27. b4 cxb4 28. Rxb4 Rba7 29. Rb6 Be7 30. a6 f5 31. Ra2 Kf7 32. Rb7 fxe4 33. Be3 Rxa6 34. Bxa6 Rxa6 35. Rxa6 Nxa6 36. Bg5 1-0

[Event "Sochi Pearl Blitz op"]
[Site "Sochi"]
[Date "2023.10.12"]
[Round "11"]
[White "Obgolts, Erik"]
[Black "Savchenko, Boris"]
[Result "1-0"]
[WhiteElo "2448"]
[BlackElo "2513"]
[PlyCount "61"]
[EventDate "2023.10.12"]
[EventType "swiss (blitz)"]
[EventRounds "13"]
[EventCountry "RUS"]
[SourceTitle "Mega2024 Update 01"]
[Source "Chessbase"]
[SourceDate "2023.11.12"]
[SourceVersion "1"]
[SourceVersionDate "2023.11.12"]
[SourceQuality "1"]

1. d4 Nf6 2. Nf3 e6 3. Bf4 c5 4. e3 Nc6 5. Nbd2 Be7 6. h3 0-0 7. c3 d5 8. Bd3 Bd6 9. Bxd6 Qxd6 10. dxc5 Qxc5 11. Qe2 Qb6 12. Rb1 e5 13. e4 dxe4 14. Bxe4 Nxe4 15. Qxe4 g6 16. Qe3 Qa6 17. b4 Bf5 18. b5 Qxa2 19. Rc1 Ne7 20. 0-0 f6 21. c4 Rfd8 22. Qc5 Nc8 23. Rfd1 Nb6 24. Nh4 Rxd2 25. Nxf5 gxf5 26. Qe3 Rad8 27. Rf1 Nxc4 28. Qg3+ Kh8 29. Qh4 R2d6 30. Rxc4 Qd2 31. Rc7 1-0

[Event "Sochi Pearl Blitz op"]
[Site "Sochi"]
[Date "2023.10.12"]
[Round "9"]
[White "Potapova, Margarita"]
[Black "Obgolts, Erik"]
[Result "0-1"]
[WhiteElo "2155"]
[BlackElo "2448"]
[PlyCount "98"]
[EventDate "2023.10.12"]
[EventType "swiss (blitz)"]
[EventRounds "13"]
[EventCountry "RUS"]
[SourceTitle "Mega2024 Update 01"]
[Source "Chessbase"]
[SourceDate "2023.11.12"]
[SourceVersion "1"]
[SourceVersionDate "2023.11.12"]
[SourceQuality "1"]

1. d4 Nf6 2. c4 g6 3. Nc3 Bg7 4. e4 d6 5. h3 0-0 6. Be3 e5 7. d5 a5 8. g4 Na6 9. Nge2 h5 10. f3 Nh7 11. Qd2 h4 12. Rg1 g5 13. Nc1 Bf6 14. Nd3 Re8 15. 0-0-0 b6 16. Kb1 Nf8 17. Rc1 Ng6 18. a3 Nc5 19. Qc2 Nf4 20. Nf2 Bd7 21. Nb5 a4 22. Rd1 Kg7 23. Bxc5 bxc5 24. Qc3 Qb8 25. Ka2 Qb6 26. Rd2 Reb8 27. Be2 Be7 28. Rgd1 Be8 29. Bf1 Bf6 30. Be2 Nxe2 31. Rxe2 Bxb5 32. cxb5 Qxb5 33. Red2 Qa6 34. Rc2 Rb3 35. Qd2 Rxf3 36. Nd3 Rb8 37. Nc1 Rbb3 38. Qg2 Qb5 39. Ka1 Rbe3 40. Rcd2 Rxh3 41. Rf1 Rhg3 42. Qh1 Rxg4 43. Rdf2 Rf4 44. Qg2 Rexe4 45. Rg1 Rxf2 46. Qxf2 Rf4 47. Qd2 e4 48. Ne2 Rf2 49. Rxg5+ Kf8 0-1

[Event "Sochi Pearl Blitz op"]
[Site "Sochi"]
[Date "2023.10.12"]
[Round "7"]
[White "Vetokhin, Savva"]
[Black "Obgolts, Erik"]
[Result "1/2-1/2"]
[WhiteElo "2400"]
[BlackElo "2448"]
[PlyCount "218"]
[EventDate "2023.10.12"]
[EventType "swiss (blitz)"]
[EventRounds "13"]
[EventCountry "RUS"]
[SourceTitle "Mega2024 Update 01"]
[Source "Chessbase"]
[SourceDate "2023.11.12"]
[SourceVersion "1"]
[SourceVersionDate "2023.11.12"]
[SourceQuality "1"]

1. d4 g6 2. c4 Bg7 3. Nf3 c5 4. d5 d6 5. Nc3 Bxc3+ 6. bxc3 e5 7. e4 Nf6 8. Bd3 Bg4 9. h3 Bxf3 10. Qxf3 Nbd7 11. 0-0 h6 12. Bd2 Kf8 13. Rab1 b6 14. g3 Kg7 15. Kg2 Qe7 16. h4 Raf8 17. Qe2 Re8 18. a4 a5 19. f3 Qd8 20. Be3 Nh5 21. Qd2 Qe7 22. Rh1 Ref8 23. g4 Nf4+ 24. Bxf4 exf4 25. Qxf4 Ne5 26. Qe3 Rb8 27. Kg3 g5 28. h5 Qf6 29. Be2 Nd7 30. Rhf1 Qe5+ 31. f4 gxf4+ 32. Qxf4 Rhe8 33. Qxe5+ Rxe5 34. Rf4 Rbe8 35. Rbf1 R8e7 36. Bd3 Rg5 37. Rf5 f6 38. Bc2 Rf7 39. Bd3 Ne5 40. Be2 Nd7 41. Rb1 Re7 42. Bf3 Rxf5 43. gxf5 Kf8 44. Kf4 Rg7 45. Rb2 Ke7 46. Rb1 Kd8 47. Be2 Kc7 48. Rf1 Ne5 49. Rf2 Rg1 50. Ke3 Rg3+ 51. Kd2 Kd7 52. Rf1 Rg2 53. Ke3 Rg3+ 54. Kd2 Kc7 55. Rb1 Nf7 56. Rf1 Ng5 57. Bd3 Nf3+ 58. Kc2 Ne5 59. Be2 Re3 60. Kd2 Rg3 61. Rf2 Nf7 62. Bf3 Ng5 63. Bg2 Kd7 64. Re2 Rg4 65. Ke3 Rh4 66. Bf3 Rh3 67. Rf2 Rg3 68. Rf1 Nf7 69. Kf4 Rg5 70. Rh1 Ne5 71. Rd1 Nxc4 72. Rb1 Kc7 73. Be2 Ne5 74. Bf3 Nd3+ 75. Ke3 Ne5 76. Kf4 Rg7 77. Rd1 Nc4 78. Rb1 Ne5 79. Rd1 b5 80. axb5 Kb6 81. Be2 a4 82. Ra1 Ra7 83. Ke3 a3 84. Kd2 c4 85. Kc2 Kxb5 86. Kb1 Kc5 87. Ka2 Nd7 88. Rg1 Nb6 89. Bd1 Re7 90. Bc2 Nd7 91. Rg6 Rh7 92. Kxa3 Ne5 93. Rxf6 Ra7+ 94. Kb2 Rb7+ 95. Kc1 Rg7 96. Rxh6 Rg1+ 97. Kb2 Rg2 98. Rh8 Nd3+ 99. Kb1 Rg1+ 100. Ka2 Rg2 101. Kb1 Rg1+ 102. Ka2 Rg2 103. Kb1 Rg1+ 104. Ka2 Rg2 105. h6 Rxc2+ 106. Ka1 Rc1+ 107. Ka2 Rc2+ 108. Ka1 Rc1+ 109. Ka2 Rc2+ 1/2-1/2

[Event "Sochi Pearl Rapid op"]
[Site "Sochi"]
[Date "2023.10.11"]
[Round "10"]
[White "Obgolts, Erik"]
[Black "Getman, Tatyana"]
[Result "1-0"]
[WhiteElo "2448"]
[BlackElo "2172"]
[PlyCount "135"]
[EventDate "2023.10.09"]
[EventType "swiss (rapid)"]
[EventRounds "11"]
[EventCountry "RUS"]
[SourceTitle "Mega2024 Update 01"]
[Source "Chessbase"]
[SourceDate "2023.11.12"]
[SourceVersion "1"]
[SourceVersionDate "2023.11.12"]
[SourceQuality "1"]

1. e4 c5 2. Nf3 d6 3. d4 cxd4 4. Nxd4 Nf6 5. Nc3 a6 6. Be3 e5 7. Nf3 Qc7 8. a4 b6 9. Nd2 Be6 10. Be2 Nbd7 11. 0-0 Be7 12. Bf3 Qb7 13. Qe2 Rc8 14. Rfd1 0-0 15. Nf1 Bc4 16. Qd2 Nc5 17. Bxc5 Rxc5 18. Ne3 Be6 19. b4 Rc7 20. Ncd5 Nxd5 21. exd5 Bd7 22. Be2 Bg5 23. c4 f5 24. Qa2 Qc8 25. a5 bxa5 26. c5 axb4 27. c6 Be8 28. Nc4 Qd8 29. Nxe5 Bf6 30. Nc4 Bxa1 31. Qxa1 Bxc6 32. dxc6 Rxc6 33. Bf3 Rc7 34. Qxa6 Kh8 35. g3 Qc8 36. Qxc8 Rfxc8 37. Nxd6 Rb8 38. Bd5 g6 39. Bb3 Rc3 40. Rb1 Kg7 41. Kg2 Kf6 42. Nc4 Rd8 43. Ne3 Rc5 44. Ba4 Rb8 45. Bb3 Kg7 46. h4 Rd8 47. Ba4 Rd4 48. Nc2 Re4 49. Rd1 Rc3 50. Rd7+ Kh6 51. Rb7 Re2 52. Nd4 Re4 53. Nf3 Rg4 54. Ng5 Rxg5 55. hxg5+ Kxg5 56. Rxh7 f4 57. gxf4+ Kxf4 58. Rh4+ Kg5 59. Rxb4 Ra3 60. Bc2 Ra2 61. Be4 Ra6 62. Rc4 Ra5 63. Kg3 Kh5 64. Rc6 Rg5+ 65. Kf4 Rg1 66. Rxg6 Rf1 67. f3 Re1 68. Rg7 1-0